000 01624cam a2200337 i 4500
001 19583009
003 OSt
005 20260316110749.0
008 170403s2018 ilu b 001 0 eng
010 _a 2017014538
020 _a9781433556654
_qtp
035 _a19583009
040 _aDLC
_beng
_cDLC
_erda
_dDLC
042 _apcc
050 0 0 _aBT708
_b.T733 2018
082 0 0 _a261.8/357
_223
100 1 _aTripp, Paul David,
_d1950-
_eauthor.
245 1 0 _aSex in a broken world :
_bhow Christ redeems what sin distorts /
_cPaul David Tripp.
264 1 _aWheaton :
_bCrossway,
_c2018.
300 _a188 pages ;
_c20 cm
336 _atext
_btxt
_2rdacontent
337 _aunmediated
_bn
_2rdamedia
338 _avolume
_bnc
_2rdacarrier
504 _aIncludes bibliographical references and index.
505 0 _aSex in a broken world -- Sorry, but we've gone crazy -- The dangerous dichotomy -- So why do we do the things we do? -- The highest pleasure -- Sex: the big picture -- If sex is about worship, then it can't be just about you -- If sex is about relationship, then it can't be just about you -- If sex is about obedience, then it can't be just about you -- So where do we go from here? -- Sex: are you living as if you're poor?
650 0 _aSex
_xReligious aspects
_xChristianity.
776 0 8 _iOnline version:
_aTripp, Paul David, 1950- author.
_tSex in a broken world
_dWheaton : Crossway, 2018
_z9781433556661
_w(DLC) 2017045264
906 _a7
_bcbc
_corignew
_d1
_eecip
_f20
_gy-gencatlg
942 _2lcc
_cBK
999 _c21440
_d21439